300 'P' Cities in Africa Quiz Stats

 Plays Quiz not verified by Sporcle

Score 0/300 Timer 20:00
0 Plays Today
City, Town % Correct
Pretoria
100%
Po
91.8%
Porto-Novo
89.8%
Porto Novo
89.8%
Praia
83.7%
Praia do Bilene
83.7%
Praia Melao
83.7%
Praia Baixo
83.7%
Praia Formosa
83.7%
Port Harcourt
77.6%
Port Elizabeth
75.5%
Port Louis
75.5%
Port Said
69.4%
Port Sudan
69.4%
Pietermaritzburg
65.3%
Piet Plessis
63.3%
Pointe-Noire
57.1%
Pa
53.1%
Port-Gentil
38.8%
Polokwane
32.7%
Pemba
28.6%
Pemba
28.6%
Parakou
24.5%
Pikine
18.4%
Paarl
18.4%
Pala
16.3%
Ponta Figo
14.3%
Phalaborwa
12.2%
Potiskum
10.2%
Potchefstroom
10.2%
Port Shepstone
10.2%
Port Alfred
10.2%
Pira
10.2%
Plettenberg Bay
8.2%
Pela
8.2%
Parys
6.1%
Pama
6.1%
Postmasburg
6.1%
Prieska
6.1%
Pera
6.1%
Podor
6.1%
Paul Roux
6.1%
Port Nolloth
6.1%
Port Edward
6.1%
Pae-la-Itlhatsoa
6.1%
Pana
6.1%
Porto Amboim
4.1%
Pouytenga
4.1%
Phuthaditjhaba
4.1%
Palapye
4.1%
Port Loko
4.1%
Pella
4.1%
Pader
4.1%
Pendembu
4.1%
Pamplemousses
4.1%
Prince Albert
4.1%
Pofadder
4.1%
Pella
4.1%
Pella
4.1%
Paso Mile
4.1%
Penka-Michel
2%
Pobe
2%
Poli
2%
Paidha
2%
Poa
2%
Pita
2%
Pobe-Mengao
2%
Pakwach
2%
Prestea
2%
Pajok
2%
Paloch
2%
Pebane
2%
Piketberg
2%
Plumtree
2%
Plaine Magnien
2%
Poli
2%
Plaine des Papayes
2%
Popa
2%
Port Victoria
2%
Providence
2%
Paje
2%
Ponta do Sol
2%
Paje
2%
Panda
2%
Pissila
0%
Pahou
0%
Pitoa
0%
Patani
0%
Pelengana
0%
Piela
0%
Padema
0%
Partiaga
0%
Pathuon
0%
Poumougne
0%
Pouni
0%
Pading
0%
Porhi
0%
Pannyok
0%
Pehunco
0%
Pette
0%
City, Town % Correct
Pensa
0%
Puri
0%
Pathai
0%
Peni
0%
Penessoulou
0%
Prikro
0%
Pallisa
0%
Phola
0%
Paouingnan
0%
Pajiek
0%
Petauke
0%
Pageri
0%
Pibaore
0%
Patargo
0%
Pabre
0%
Pangawe
0%
Phuthiatsana
0%
Popodara
0%
Pourham
0%
Pagil
0%
Pacong
0%
Pochalla
0%
Pout
0%
Pilimini
0%
Paguer
0%
Peonga
0%
Paringa
0%
Pleebo
0%
Payai
0%
Praktiseer
0%
Poredaka
0%
Pweto
0%
Podiagouine
0%
Pulturuk
0%
Phomolong
0%
Passayah
0%
Pakouabo
0%
Pitseng
0%
Padiet
0%
Punia
0%
Pieri
0%
Pwata
0%
Pagak
0%
Paoua
0%
Pilimpikou
0%
Pakeer
0%
Perere
0%
Perma
0%
Panyang
0%
Peramiho
0%
Pagol
0%
Puolchuol
0%
Pamach
0%
Parawol
0%
Phom
0%
Pacobo
0%
Panyidwoi
0%
Pabegou
0%
Pya
0%
Pagouda
0%
Pagarau
0%
Pouma
0%
Panthou
0%
Petrus Steyn
0%
Passi
0%
Popokabaka
0%
Pariang
0%
Petite-Ile
0%
Poura
0%
Palal
0%
Pelebina
0%
Pailles
0%
Panyume
0%
Passagon
0%
Paliang
0%
Poortjie
0%
Patlong
0%
Pompoi
0%
Paulpietersburg
0%
Poko
0%
Pehe
0%
Pagor
0%
Puluk
0%
Palea
0%
Puma
0%
Pamandzi
0%
Pannhial
0%
Pedra Badejo
0%
Petit Raffray
0%
Pangani
0%
Pujehun
0%
Pointe aux Piments
0%
Papara
0%
Poste de Flacq
0%
Panziazou
0%
Petrusburg
0%
Phamong
0%
Panyikang
0%
Pachidi
0%
Panguma
0%
City, Town % Correct
Possotome
0%
Penhalonga
0%
Perigban
0%
Phakamisa
0%
Phatsima B
0%
Porterville
0%
Pachaar
0%
Paloch
0%
Pagak
0%
Prince Alfred Hamlet
0%
Pango-Aluquem
0%
Paweng
0%
Panyang
0%
Port Mathurin
0%
Pebie
0%
Panhomdit
0%
Pigniwedo
0%
Pakur
0%
Paterson
0%
Pilieny
0%
Patensie
0%
Petrusville
0%
Paardekop
0%
Pinda-Boroko
0%
Piche
0%
Piton
0%
Phalombe
0%
Padeah
0%
Peddie
0%
Pakang
0%
Petit Riviere
0%
Payuel
0%
Piggs Peak
0%
Pearston
0%
Palea
0%
Poudre d'Or
0%
Plaine des Roches
0%
Pachak
0%
Petit Gabriel
0%
Pitsane Siding
0%
Philippolis
0%
Pup
0%
Pikounda
0%
Pagor
0%
Pullens Hope
0%
Phillipstown
0%
Pointe Larue
0%
Porto Ingles
0%
Prabis
0%
Plaine Corail-La Fouche Corail
0%
Penge
0%
Pennington
0%
Port Sud-Est
0%
Pachienjok
0%
Pirada
0%
Pandamatenga
0%
Port Glaud
0%
Panhiany
0%
Poudre d'Or Hamlet
0%
Pampierstad
0%
Pantufo
0%
Pakalinding
0%
Pitshane Molopo
0%
Panyijiar
0%
Pniel
0%
Paternoster
0%
Pomfret
0%
Pienaarsrivier
0%
Pilane Station
0%
Phaweni
0%
Pilgrim's Rest
0%
Pomeroy
0%
Piedade
0%
Pilikwe
0%
Pesside Koundoum
0%
Palla Road-Dinokwe
0%
Patsy
0%
Picos Acima
0%
Piments-Baie Topaze
0%
Palmeira
0%
Picos
0%
Pongola
0%
Pombas
0%
Principal
0%
Petit Bel Air
0%
Poungui
0%
Pilao Cao
0%
Parakarungu
0%
Philandersbron
0%
Pitseng
0%
Ponta Verde
0%
Ponta Verde
0%
Pearly Beach
0%
Phepheng-Draaihoek
0%
Palha Carga
0%
Patim
0%
Poloka
0%
Porto Mosquito
0%
Pitsana-Potokwe
0%
Pinhao
0%

You're not logged in!

Compare scores with friends on all Sporcle quizzes.
OR
Log In

Sporcle TV

Today on Sporcle TV


Watch our educational content, quiz creation guides, and fun videos on Sporcle TV.

Show Comments

Extras

Created Sep 17, 2017ReportNominate
Tags:Africa Quiz, City Quiz, 300, Letter P

Top Quizzes Today


Score Distribution

Your Account Isn't Verified!

In order to create a playlist on Sporcle, you need to verify the email address you used during registration. Go to your Sporcle Settings to finish the process.

Report this User

Report this user for behavior that violates our Community Guidelines.

Details: